L'uscoque, (Record no. 22435)

MARC details
000 -LEADER
fixed length control field 00747cam a22002291 4500
001 - CONTROL NUMBER
control field f 01000513
003 - CONTROL NUMBER IDENTIFIER
control field DLC
005 - DATE AND TIME OF LATEST TRANSACTION
control field 20260227111238.0
008 - FIXED-LENGTH DATA ELEMENTS--GENERAL INFORMATION
fixed length control field 760719s1885 fr 000 0 fre
010 ## - LIBRARY OF CONGRESS CONTROL NUMBER
LC control number f 01000513
035 ## - SYSTEM CONTROL NUMBER
System control number (OCoLC)2320039
040 ## - CATALOGING SOURCE
Original cataloging agency DLC
Transcribing agency TxWB
Modifying agency TxWB
-- NPV
-- OCoLC
-- DLC
042 ## - AUTHENTICATION CODE
Authentication code premarc
050 00 - LIBRARY OF CONGRESS CALL NUMBER
Classification number PQ2411
Item number .U7 1885
100 1# - MAIN ENTRY--PERSONAL NAME
Personal name Sand, George,
Dates associated with a name 1804-1876.
245 12 - TITLE STATEMENT
Title L'uscoque,
Statement of responsibility, etc. par George Sand.
250 ## - EDITION STATEMENT
Edition statement Nouv. éd.
260 ## - PUBLICATION, DISTRIBUTION, ETC.
Place of publication, distribution, etc. Paris,
Name of publisher, distributor, etc. Calmann Lévy,
Date of publication, distribution, etc. 1885.
300 ## - PHYSICAL DESCRIPTION
Extent 2 p. l., 267 p.
Dimensions 19 cm.
500 ## - GENERAL NOTE
General note Half-title: Œuvres de George Sand.
505 0# - FORMATTED CONTENTS NOTE
Formatted contents note L'uscoque.--La fauvette du docteur.--Sur la dernière publication de m. F. Lamennais.--Quelques réflexions sur Jean-Jacques Rousseau.

No items available.

Powered by Koha